• 首页
  • 本馆介绍
  • 公告通知
  • 最新文献
  • 馆藏检索
  • 电子资源
  • 读者导购
  • 参考咨询
  • 我的图书馆
  • 登录
  • 详细信息显示
  • 放入我的书架
  • 预约/预借图书
  • 作者相关作品
  • 分类相关作品
  • 丛书相关作品
  • 出版社相关作品

书目信息

  • 表格格式
  • 工作单格式
  • 卡片格式
题名:
消防装备现场检查指导手册
    
 
作者: 杨建民 , 杜兰萍 , 张荣昌 主编 ;公安部消防局 编著
分册:  
出版信息: 北京   中国质检出版社  2011.09
页数: 15, 92页
开本: 21cm
丛书名:
单 册:
中图分类: TU998.13
科图分类:
主题词: 消防设备--xiao fang she bei--检验--手册
电子资源:
ISBN: 978-7-5066-6362-5
000 01188nam0 2200277 450
001 2354325096
005 20231122150549.11
010    @a978-7-5066-6362-5@dCNY50.00@z7-5066-6362-7
100    @a20111110d2011 em y0chiy50 ea
101 0  @achi
102    @aCN@b110000
105    @aak z 000yy
200 1  @a消防装备现场检查指导手册@Axiao fang zhuang bei xian chang jian cha zhi dao shou ce@d= Fire equipment field inspection guide manual@f公安部消防局编著@zeng
210    @a北京@c中国质检出版社@c中国标准出版社@d2011.09
215    @a15, 92页@c彩图@d21cm
314    @a书内题: 杨建民, 杜兰萍, 张荣昌主编
330    @a本手册结合了编者多年消防装备检验经验, 运用通俗易懂的语言从消防装备的外观检查、技术资料审查、技术参数及性能检验等方面对5大类、27小类消防装备的质量验收要点进行了详细说明。
510 1  @aFire equipment field inspection guide manual@zeng
606 0  @a消防设备@Axiao fang she bei@x检验@j手册
690    @aTU998.13@v4
701  0 @a杨建民@Ayang jian min@4主编
701  0 @a杜兰萍@Adu lan ping@4主编
701  0 @a张荣昌@Azhang rong chang@4主编
712 02 @a公安部消防局@Agong an bu xiao fang ju@4编著
801  0 @aCN@bRENTIAN@c20111110
905    @aBZT@dTU998.13@e3
    
    消防装备现场检查指导手册= Fire equipment field inspection guide manual/公安部消防局编著.-北京:中国质检出版社:中国标准出版社,2011.09
    15, 92页:彩图;21cm
    
    
    ISBN 978-7-5066-6362-5:CNY50.00
    本手册结合了编者多年消防装备检验经验, 运用通俗易懂的语言从消防装备的外观检查、技术资料审查、技术参数及性能检验等方面对5大类、27小类消防装备的质量验收要点进行了详细说明。
●
相关链接 在五车中查询图书 在当当中查询图书 在豆瓣中查询图书


正题名:消防装备现场检查指导手册     索取号:TU998.13/3         预约/预借

序号 登录号 条形码 馆藏地/架位号 状态 备注
1 2001071697   2001071697   东辅楼二楼书库/ [索取号:TU998.13/3] 在馆    
2 2001071698   2001071698   东辅楼二楼书库/ [索取号:TU998.13/3] 在馆    
3 2001071699   2001071699   东辅楼二楼书库/ [索取号:TU998.13/3] 在馆    
4 2001071700   2001071700   东辅楼二楼书库/ [索取号:TU998.13/3] 在馆    
5 2001071701   2001071701   东辅楼二楼书库/ [索取号:TU998.13/3] 在馆    
6 2001071702   2001071702   东辅楼二楼书库/ [索取号:TU998.13/3] 在馆    
7 2001071703   2001071703   东辅楼二楼书库/ [索取号:TU998.13/3] 在馆    
8 2001071704   2001071704   东辅楼二楼书库/ [索取号:TU998.13/3] 在馆    
9 2001071705   2001071705   东辅楼二楼书库/ [索取号:TU998.13/3] 在馆    
10 2001071706   2001071706   东辅楼二楼书库/ [索取号:TU998.13/3] 在馆    
11 2001071707   2001071707   东辅楼二楼书库/ [索取号:TU998.13/3] 在馆    
12 2001071708   2001071708   东辅楼二楼书库/ [索取号:TU998.13/3] 在馆    
13 2001071709   2001071709   东辅楼二楼书库/ [索取号:TU998.13/3] 在馆    
14 2001071710   2001071710   东辅楼二楼书库/ [索取号:TU998.13/3] 在馆    
15 2001071711   2001071711   东辅楼二楼书库/ [索取号:TU998.13/3] 在馆    
16 2001071712   2001071712   东辅楼二楼书库/ [索取号:TU998.13/3] 在馆    
17 2001071713   2001071713   东辅楼二楼书库/ [索取号:TU998.13/3] 在馆    
18 2001071714   2001071714   东辅楼二楼书库/ [索取号:TU998.13/3] 在馆    
19 2001071715   2001071715   东辅楼二楼书库/ [索取号:TU998.13/3] 在馆    
20 2001071716   2001071716   东辅楼二楼书库/ [索取号:TU998.13/3] 在馆    
21 2001071717   2001071717   东辅楼二楼书库/ [索取号:TU998.13/3] 在馆    
22 2001071718   2001071718   东辅楼二楼书库/ [索取号:TU998.13/3] 在馆    
23 2001071719   2001071719   东辅楼二楼书库/ [索取号:TU998.13/3] 在馆    
24 2001071720   2001071720   东辅楼二楼书库/ [索取号:TU998.13/3] 在馆    
25 2001071721   2001071721   东辅楼二楼书库/ [索取号:TU998.13/3] 在馆    
26 2001071722   2001071722   东辅楼二楼书库/ [索取号:TU998.13/3] 在馆    
27 2001071723   2001071723   东辅楼二楼书库/ [索取号:TU998.13/3] 在馆    
28 2001071724   2001071724   东辅楼二楼书库/ [索取号:TU998.13/3] 在馆    
29 2001071725   2001071725   东辅楼二楼书库/ [索取号:TU998.13/3] 在馆    
30 2001071726   2001071726   东辅楼二楼书库/ [索取号:TU998.13/3] 在馆    
山东省滨州职业学院图书馆 欢迎您!
大连网信软件有限公司© 版权所有